00630 a2200169 4500020001500000040001300015082001600028100002200044245005300066260003400119300001900153500001900172650007800191942002600269999001500295952015000310 a8189261509 aDLCbDLC a808.042 SHA aShaffer, Lawrence a Precis and paragraph writingcLawrence Shaffer, aNew Delhi:bK. S. Paperbacks. a364 p.c20 cm. aIncludes Index a1.English language--Rhetoric.Report writing.English language--Paragraphs. cBKk 808.042 SHA2ddc c4878d4878 001040708NFICaCLbCLcGENd2005-09-23eAcademic Book companyg120.96l3m1o 808.042 SHApSEECS006463r2024-04-18s2020-01-30w2017-01-05yBK